Learning in adulthood / (Record no. 7944)
[ view plain ]
| 000 -LEADER | |
|---|---|
| fixed length control field | 00661nam a2200193 4500 |
| 008 - FIXED-LENGTH DATA ELEMENTS--GENERAL INFORMATION | |
| fixed length control field | 020305s1991 us 0 engYA |
| 020 ## - INTERNATIONAL STANDARD BOOK NUMBER | |
| International Standard Book Number | 1555423124 |
| 090 ## - LOCALLY ASSIGNED LC-TYPE CALL NUMBER (OCLC); LOCAL CALL NUMBER (OCLC) | |
| Classification number (OCLC) (R) ; Classification number, CALL (RLIN) (NR) | LC5225 |
| Local cutter number (OCLC) ; Book number/undivided call number, CALL (RLIN) | .L42 |
| -- | M55 |
| 100 1# - MAIN ENTRY--PERSONAL NAME | |
| Personal name | Merriam, Sharam B. |
| 245 10 - TITLE STATEMENT | |
| Title | Learning in adulthood / |
| Statement of responsibility, etc | Sharam B. Merriam and Rosemary S. Caffarella. |
| 260 ## - PUBLICATION, DISTRIBUTION, ETC. (IMPRINT) | |
| Place of publication, distribution, etc | California : |
| Name of publisher, distributor, etc | Jossey-Bass, |
| Date of publication, distribution, etc | c1991. |
| 300 ## - PHYSICAL DESCRIPTION | |
| Extent | xx, 376 p. |
| 490 1# - SERIES STATEMENT | |
| Series statement | The Jossey-Bass higher and adult education series |
| 504 ## - BIBLIOGRAPHY, ETC. NOTE | |
| Bibliography, etc | Includes bibliographical references |
| 650 #4 - SUBJECT ADDED ENTRY--TOPICAL TERM | |
| Topical term or geographic name as entry element | Adult learning. |
| 951 ## - EQUIVALENCE OR CROSS-REFERENCE-GEOGRAPHIC NAME/AREA NAME [OBSOLETE] [CAN/MARC only] | |
| General subdivision | 00026967 |
| 700 1# - ADDED ENTRY--PERSONAL NAME | |
| Personal name | Caffarella, Rosemary S. |
| 950 0# - LOCAL HOLDINGS (RLIN) | |
| -- | .25 |
| 951 ## - EQUIVALENCE OR CROSS-REFERENCE-GEOGRAPHIC NAME/AREA NAME [OBSOLETE] [CAN/MARC only] | |
| -- | 24593 |
| -- | LC5225/.L42/M55 |
| -- | 070613111051468 |
| -- | 2000-12-21 |
| -- | GC |
| Withdrawn status | Lost status | Damaged status | Not for loan | Home library | Current library | Shelving location | Date acquired | Accession number | Shelving control number | Total Checkouts | Full call number | Barcode | Date last seen | Price effective from | Koha item type |
|---|---|---|---|---|---|---|---|---|---|---|---|---|---|---|---|
| BSOP Library | BSOP Library | GC | 12/21/2000 | 24593 | 127 | LC5225/.L42/M55 | 00026967 | 02/23/2013 | 02/23/2013 | Books |
